Paul Revere / (Record no. 894)

MARC details
000 -LEADER
fixed length control field 00991nam a22002897a 4500
005 - DATE AND TIME OF LATEST TRANSACTION
control field 20230713143750.0
020 ## - INTERNATIONAL STANDARD BOOK NUMBER
International Standard Book Number 0439095522
040 ## - CATALOGING SOURCE
Original cataloging agency DLC
Transcribing agency DLC
Modifying agency DLC
Language of cataloging eng
050 00 - LIBRARY OF CONGRESS CALL NUMBER
Classification number F69.R43
Item number S85 1999
082 00 - DEWEY DECIMAL CLASSIFICATION NUMBER
Classification number 973.3/311/092
-- B
Edition number 21
100 1# - MAIN ENTRY--PERSONAL NAME
Personal name Sullivan, George,
Dates associated with a name 1927-
245 10 - TITLE STATEMENT
Title Paul Revere /
Statement of responsibility, etc. Author: Sullivan, George .
250 ## - EDITION STATEMENT
Edition statement First printing, September 1999.
260 ## - PUBLICATION, DISTRIBUTION, ETC.
Place of publication, distribution, etc. New York :
Name of publisher, distributor, etc. Scholastic,
Date of publication, distribution, etc. 1999.
300 ## - PHYSICAL DESCRIPTION
Extent 128 pages :
Other physical details illustrations,
Dimensions 20 cm.
490 1# - SERIES STATEMENT
Series statement In their own words
505 ## - FORMATTED CONTENTS NOTE
Formatted contents note R <br/>
520 ## - SUMMARY, ETC.
Summary, etc. A biography of the man made famous by a poem about the American Revolution, placing his life and work in its real historical context.
521 ## - TARGET AUDIENCE NOTE
Target audience note 740 <br/>
Source Lexile <br/>
521 ## - TARGET AUDIENCE NOTE
Target audience note R <br/>
Source Raz-Plus <br/>
650 #0 - SUBJECT ADDED ENTRY--TOPICAL TERM
Topical term or geographic name entry element Statesmen
Geographic subdivision Massachusetts
Form subdivision Biography
-- Juvenile literature.
650 #1 - SUBJECT ADDED ENTRY--TOPICAL TERM
Topical term or geographic name entry element Silversmiths.
906 ## - LOCAL DATA ELEMENT F, LDF (RLIN)
a 7
b cbc
c orignew
d 1
e ocip
f 19
g y-gencatlg
942 ## - ADDED ENTRY ELEMENTS (KOHA)
Source of classification or shelving scheme Dewey Decimal Classification
Koha item type Books
Suppress in OPAC No
999 ## -
-- 894
-- 894
Holdings
Withdrawn status Lost status Source of classification or shelving scheme Damaged status Not for loan Collection Home library Current library Shelving location Date acquired Total Checkouts Full call number Barcode Date last seen Date last checked out Price effective from Koha item type
    Dewey Decimal Classification     Non-Fiction Footprints International School Library Network Toul Kork Campus Footprints International School Library Network Toul Kork Campus TK Primary Library Room(4th Floor), Bookcase 5&6, Shelves 33-56, Orange Books 07/13/2023 1 SUL 973.3311092 F69.R43 FISTK00432 06/10/2024 08/09/2023 07/13/2023 Books